00274nam a2200109Ia 4500100002000000942000700020245001200027260000900039546001200048999001700060952008700077 akuldeep sareen  cRB aCAD/CAM b#N/A aENGLISH c30254d30254 001040708AFTaCRCEbCRCEd2023-03-17l0o pAFT8071r2023-03-17w0000-00-00yRB